Terminación del contrato de trabajo: cuarta parte. Artículo 162 Código del Trabajo. Formalidades y nulidad del despido. Despido indirecto
Uloženo v:
| Hlavní autor: | |
|---|---|
| Médium: | Kniha |
| Jazyk: | španělština |
| Vydáno: |
Santiago
Metropolitana
2015
|
| Vydání: | 1a. ed |
| Edice: | Doctrina y Jurisprudencia
|
| Témata: | |
| Tagy: |
Přidat tag
Žádné tagy, Buďte první, kdo vytvoří štítek k tomuto záznamu!
|
MARC
| LEADER | 00000cam a2200000 a 4500 | ||
|---|---|---|---|
| 001 | UCC0361 | ||
| 003 | CL-VaPUC | ||
| 008 | 170811e20150000cl |||||||||||||||||spa|d | ||
| 020 | |a 9789562861977 | ||
| 082 | 0 | 4 | |a 344.018 |b VAR |2 21 |
| 100 | 0 | |a Vargas Miranda, Rafael Andrés |e author |9 594295 | |
| 245 | 1 | 0 | |a Terminación del contrato de trabajo: cuarta parte. Artículo 162 Código del Trabajo. Formalidades y nulidad del despido. Despido indirecto |
| 250 | |a 1a. ed | ||
| 300 | |a 639 p | ||
| 942 | |c BK | ||
| 945 | |d 20170811 15:21:00 |a dcastane | ||
| 260 | |a Santiago |b Metropolitana |c 2015 | ||
| 650 | 0 | |a Contratos de trabajo |9 254966 | |
| 650 | 0 | |a Despido de empleados |9 254967 | |
| 650 | 7 | |a DERECHO LABORAL |2 CL-VaPUC |9 15 | |
| 583 | |a last modification |c 20170811 15:21:00 |k Rodrigo Vera | ||
| 490 | 0 | |a Doctrina y Jurisprudencia | |
| 999 | |c 369217 |d 369215 | ||